<?xml version="1.0" encoding="UTF-8"?>
<record
    xmlns:xsi="http://www.w3.org/2001/XMLSchema-instance"
    xsi:schemaLocation="http://www.loc.gov/MARC21/slim http://www.loc.gov/standards/marcxml/schema/MARC21slim.xsd"
    xmlns="http://www.loc.gov/MARC21/slim">

  <leader>00352nam a2200157Ia 4500</leader>
  <controlfield tag="003">OSt</controlfield>
  <controlfield tag="005">20231118055808.0</controlfield>
  <controlfield tag="008">170524s9999    xx            000 0 und d</controlfield>
  <datafield tag="020" ind1=" " ind2=" ">
    <subfield code="a">81-8204-012-4</subfield>
  </datafield>
  <datafield tag="040" ind1=" " ind2=" ">
    <subfield code="c">IIMT</subfield>
  </datafield>
  <datafield tag="100" ind1=" " ind2=" ">
    <subfield code="a">Raj Kumar Singh</subfield>
  </datafield>
  <datafield tag="245" ind1=" " ind2="0">
    <subfield code="a">Front Office Management</subfield>
  </datafield>
  <datafield tag="260" ind1=" " ind2=" ">
    <subfield code="b">Aman Publication</subfield>
  </datafield>
  <datafield tag="260" ind1=" " ind2=" ">
    <subfield code="c">2006</subfield>
  </datafield>
  <datafield tag="942" ind1=" " ind2=" ">
    <subfield code="2">ddc</subfield>
    <subfield code="c">02</subfield>
  </datafield>
  <datafield tag="999" ind1=" " ind2=" ">
    <subfield code="c">7381</subfield>
    <subfield code="d">7381</subfield>
  </datafield>
  <datafield tag="952" ind1=" " ind2=" ">
    <subfield code="0">0</subfield>
    <subfield code="1">0</subfield>
    <subfield code="2">ddc</subfield>
    <subfield code="4">0</subfield>
    <subfield code="7">0</subfield>
    <subfield code="a">01</subfield>
    <subfield code="b">01</subfield>
    <subfield code="d">2017-05-31</subfield>
    <subfield code="p">01-B-77545</subfield>
    <subfield code="r">2017-05-31</subfield>
    <subfield code="u">hotel management</subfield>
    <subfield code="w">2017-05-31</subfield>
    <subfield code="y">02</subfield>
  </datafield>
  <datafield tag="952" ind1=" " ind2=" ">
    <subfield code="0">0</subfield>
    <subfield code="1">0</subfield>
    <subfield code="2">ddc</subfield>
    <subfield code="4">0</subfield>
    <subfield code="7">0</subfield>
    <subfield code="a">01</subfield>
    <subfield code="b">01</subfield>
    <subfield code="d">2017-05-31</subfield>
    <subfield code="p">01-B-77546</subfield>
    <subfield code="r">2017-05-31</subfield>
    <subfield code="u">hotel management</subfield>
    <subfield code="w">2017-05-31</subfield>
    <subfield code="y">02</subfield>
  </datafield>
  <datafield tag="952" ind1=" " ind2=" ">
    <subfield code="0">0</subfield>
    <subfield code="1">0</subfield>
    <subfield code="2">ddc</subfield>
    <subfield code="4">0</subfield>
    <subfield code="7">0</subfield>
    <subfield code="a">01</subfield>
    <subfield code="b">01</subfield>
    <subfield code="d">2017-05-31</subfield>
    <subfield code="p">01-B-77547</subfield>
    <subfield code="r">2017-05-31</subfield>
    <subfield code="u">hotel management</subfield>
    <subfield code="w">2017-05-31</subfield>
    <subfield code="y">02</subfield>
  </datafield>
  <datafield tag="952" ind1=" " ind2=" ">
    <subfield code="0">0</subfield>
    <subfield code="1">0</subfield>
    <subfield code="2">ddc</subfield>
    <subfield code="4">0</subfield>
    <subfield code="7">0</subfield>
    <subfield code="a">01</subfield>
    <subfield code="b">01</subfield>
    <subfield code="d">2017-05-31</subfield>
    <subfield code="p">01-B-77548</subfield>
    <subfield code="r">2017-05-31</subfield>
    <subfield code="u">hotel management</subfield>
    <subfield code="w">2017-05-31</subfield>
    <subfield code="y">02</subfield>
  </datafield>
  <datafield tag="952" ind1=" " ind2=" ">
    <subfield code="0">0</subfield>
    <subfield code="1">0</subfield>
    <subfield code="2">ddc</subfield>
    <subfield code="4">0</subfield>
    <subfield code="7">0</subfield>
    <subfield code="a">01</subfield>
    <subfield code="b">01</subfield>
    <subfield code="d">2017-05-31</subfield>
    <subfield code="p">01-B-77549</subfield>
    <subfield code="r">2017-05-31</subfield>
    <subfield code="u">hotel management</subfield>
    <subfield code="w">2017-05-31</subfield>
    <subfield code="y">02</subfield>
  </datafield>
  <datafield tag="952" ind1=" " ind2=" ">
    <subfield code="0">0</subfield>
    <subfield code="1">0</subfield>
    <subfield code="2">ddc</subfield>
    <subfield code="4">0</subfield>
    <subfield code="7">0</subfield>
    <subfield code="a">01</subfield>
    <subfield code="b">01</subfield>
    <subfield code="d">2017-05-31</subfield>
    <subfield code="p">01-B-77550</subfield>
    <subfield code="r">2017-05-31</subfield>
    <subfield code="u">hotel management</subfield>
    <subfield code="w">2017-05-31</subfield>
    <subfield code="y">02</subfield>
  </datafield>
  <datafield tag="952" ind1=" " ind2=" ">
    <subfield code="0">0</subfield>
    <subfield code="1">0</subfield>
    <subfield code="2">ddc</subfield>
    <subfield code="4">0</subfield>
    <subfield code="7">0</subfield>
    <subfield code="a">01</subfield>
    <subfield code="b">01</subfield>
    <subfield code="d">2017-05-31</subfield>
    <subfield code="p">01-B-77551</subfield>
    <subfield code="r">2017-05-31</subfield>
    <subfield code="u">hotel management</subfield>
    <subfield code="w">2017-05-31</subfield>
    <subfield code="y">02</subfield>
  </datafield>
  <datafield tag="952" ind1=" " ind2=" ">
    <subfield code="0">0</subfield>
    <subfield code="1">0</subfield>
    <subfield code="2">ddc</subfield>
    <subfield code="4">0</subfield>
    <subfield code="7">0</subfield>
    <subfield code="a">01</subfield>
    <subfield code="b">01</subfield>
    <subfield code="d">2017-05-31</subfield>
    <subfield code="p">01-B-77552</subfield>
    <subfield code="r">2017-05-31</subfield>
    <subfield code="u">hotel management</subfield>
    <subfield code="w">2017-05-31</subfield>
    <subfield code="y">02</subfield>
  </datafield>
  <datafield tag="952" ind1=" " ind2=" ">
    <subfield code="0">0</subfield>
    <subfield code="1">0</subfield>
    <subfield code="2">ddc</subfield>
    <subfield code="4">0</subfield>
    <subfield code="7">0</subfield>
    <subfield code="a">01</subfield>
    <subfield code="b">01</subfield>
    <subfield code="d">2017-05-31</subfield>
    <subfield code="p">01-B-77553</subfield>
    <subfield code="r">2017-05-31</subfield>
    <subfield code="u">hotel management</subfield>
    <subfield code="w">2017-05-31</subfield>
    <subfield code="y">02</subfield>
  </datafield>
  <datafield tag="952" ind1=" " ind2=" ">
    <subfield code="0">0</subfield>
    <subfield code="1">0</subfield>
    <subfield code="2">ddc</subfield>
    <subfield code="4">0</subfield>
    <subfield code="7">0</subfield>
    <subfield code="a">01</subfield>
    <subfield code="b">01</subfield>
    <subfield code="d">2017-05-31</subfield>
    <subfield code="p">01-B-77554</subfield>
    <subfield code="r">2017-05-31</subfield>
    <subfield code="u">hotel management</subfield>
    <subfield code="w">2017-05-31</subfield>
    <subfield code="y">02</subfield>
  </datafield>
</record>
